<?xml version="1.0" encoding="UTF-8"?>
<marc:record xmlns:marc="http://www.loc.gov/MARC21/slim">
   <marc:leader>00000nam a2200000 a 4500</marc:leader>
   <marc:datafield ind1="1" ind2=" " tag="100">
      <marc:subfield code="a">Grün, Anselm</marc:subfield>
      <marc:subfield code="4">aut</marc:subfield>
      <marc:subfield code="e">Verfasser/-in</marc:subfield>
   </marc:datafield>
   <marc:datafield ind1=" " ind2=" " tag="653">
      <marc:subfield code="a">ARBEIT</marc:subfield>
   </marc:datafield>
   <marc:datafield ind1=" " ind2=" " tag="653">
      <marc:subfield code="a">Benediktiner</marc:subfield>
   </marc:datafield>
   <marc:datafield ind1=" " ind2=" " tag="653">
      <marc:subfield code="a">GEBET</marc:subfield>
   </marc:datafield>
   <marc:datafield ind1=" " ind2=" " tag="653">
      <marc:subfield code="a">RUHE</marc:subfield>
   </marc:datafield>
   <marc:datafield ind1=" " ind2=" " tag="653">
      <marc:subfield code="a">Work-Life-Balance</marc:subfield>
   </marc:datafield>
   <marc:datafield ind1="0" ind2="0" tag="245">
      <marc:subfield code="a">Leben - nicht nur am Wochenende</marc:subfield>
   </marc:datafield>
   <marc:datafield ind1="0" ind2="0" tag="245">
      <marc:subfield code="b">wie Arbeit lebendig macht</marc:subfield>
   </marc:datafield>
   <marc:datafield ind1="0" ind2="0" tag="245">
      <marc:subfield code="c">Grün, Anselm</marc:subfield>
   </marc:datafield>
   <marc:datafield ind1=" " ind2="1" tag="264">
      <marc:subfield code="a">Münsterschwarzach</marc:subfield>
      <marc:subfield code="b">Vier-Türme-Verl.</marc:subfield>
      <marc:subfield code="c">2018</marc:subfield>
   </marc:datafield>
   <marc:datafield ind1=" " ind2=" " tag="250">
      <marc:subfield code="a">2. Aufl.</marc:subfield>
   </marc:datafield>
   <marc:datafield ind1="1" ind2=" " tag="520">
      <marc:subfield code="a">Quelle: bn.bibliotheksnachrichten (http://www.biblio.at/literatur/bn/index.html); &#xD;
Autor: Aloisia Altmanninger; &#xD;
Ein hochaktueller spiritueller Ratgeber über Arbeit. (PR)&#xD;
Die laufende Diskussion über die heutige Arbeitswelt führt zu heftigen Auseinandersetzungen der Sozialpartner. Viele Menschen klagen über den gestiegenen Druck in der Arbeit, über ein abgekühltes Klima, über die Angst, überflüssig zu werden. Arbeitsmediziner untersuchen hektisch den Arbeitsstress. Anselm Grün nähert sich dem Thema gänzlich anders. Arbeite in Ruhe, lautet die erste der erstaunlich modern wirkenden Regeln des heiligen Benedikt, auf die sich Pater Anselm Grün bezieht und anhand derer er einen christlich spirituellen Zugang zur Arbeitswelt herstellt. Seine Worte tun wie immer gut. Bereits mit seinem ersten Zitat schafft er die notwendige Distanz und rückt auch gleich zurecht, worum es im Leben eines Menschen wirklich geht. Arbeit, die erfüllt, stärkt die Gesundheit, führt zu Wohlbefinden und tiefer Befriedigung und wird zum Segen für den Menschen und seine Umgebung.&#xD;
Anselm Grün zeigt, wie mit konkreten Lebenssituationen umgegangen werden kann. Persönlichkeit und die eigene Herkunft spielen eine Rolle. Der Kraft der eigenen Wurzeln zu vertrauen, ist befreiend. Was ist unsere eigentliche Motivation zu arbeiten? Geld allein kann es nicht sein, der Mensch braucht etwas, das ihn wahrhaft nährt.&#xD;
Anselm Grüns Bücher sind persönliche spirituelle Begleiter, seine Milde im Umgang mit dem Nichtperfekten wirkt heilsam, seine Einfachheit kommt an, seine tiefen Erkenntnisse dringen ins Herz. Allen Bibliotheken empfohlen.</marc:subfield>
   </marc:datafield>
   <marc:datafield ind1=" " ind2=" " tag="020">
      <marc:subfield code="a">9783736501317</marc:subfield>
      <marc:subfield code="9">9783736501317</marc:subfield>
   </marc:datafield>
   <marc:datafield ind1=" " ind2=" " tag="020">
      <marc:subfield code="a">3736501315</marc:subfield>
      <marc:subfield code="9">3736501315</marc:subfield>
   </marc:datafield>
   <marc:datafield ind1=" " ind2=" " tag="041">
      <marc:subfield code="a">ger</marc:subfield>
   </marc:datafield>
   <marc:datafield ind1=" " ind2=" " tag="338">
      <marc:subfield code="a">Band</marc:subfield>
   </marc:datafield>
   <marc:datafield ind1=" " ind2=" " tag="300">
      <marc:subfield code="a">157 S.</marc:subfield>
   </marc:datafield>
</marc:record>
